000 00829nam a22002297a 4500
003 OSt
005 20201105073953.0
008 760730m2012 dr a 000 spa
040 _aDO-SdBNP
_bspa
_cBNPHU
082 _axxxx
_bxxxx,
110 _aConferencia del Episcopado Dominicano
_bcomisión nacional de catequesis (CONACA)
_977146
245 1 0 _aCelebro mi fe en comunidad :
_bla comunidad cristiana y la vivencia de la eucaristía /
260 _aSanto Domingo,
_bEdiciones MSC
_bConferencia del Episcopado Dominicano
_c2012.
300 _a186 p.
_bil.
_c22 cm.
490 1 _aLibro del Catequista ;
_v4 ;
500 _aCatequesis de iniciación cristiana.
504 _aBibliografía p: 186
521 _a4to. Nivel
590 _aInventariado, 2020/ YL
830 0 _aLibro del Catequista
_n4
_977147
942 _2ddc
_cLBS1
999 _c49070
_d49070